书目信息 |
| 题名: |
化验员实用手册
|
|
| 作者: | 夏玉宇 主编 | |
| 分册: | ||
| 出版信息: | 北京 化学工业出版社 2005.03 |
|
| 页数: | 39, 1341页 | |
| 开本: | 27cm | |
| 丛书名: | ||
| 单 册: | ||
| 中图分类: | TQ016-62 | |
| 科图分类: | ||
| 主题词: | 化验员--手册 | |
| 电子资源: | ||
| ISBN: | 7-5025-6340-7 | |
| 000 | 01099nam0 2200241 450 | |
| 001 | 0134240515 | |
| 005 | 20050925144057.61 | |
| 010 | @a7-5025-6340-7@b精装@dCNY168.00 | |
| 100 | @a20050427d2005 km y0chiy0120 ea | |
| 101 | 0 | @achi |
| 102 | @aCN@b110000 | |
| 105 | @aa a 000yy | |
| 200 | 1 | @a化验员实用手册@Ahua yan yuan shi yong shou ce@f夏玉宇主编@Fxia yu yu zhu bian |
| 205 | @a第2版 | |
| 210 | @a北京@c化学工业出版社@d2005.03 | |
| 215 | @a39, 1341页@c图@d27cm | |
| 320 | @a有书目 (第1333-1336页)。 | |
| 330 | @a本书内容包括:①化学实验基础:基本常数与重要化合物的物理化学常数,化学实验室建设、管理与安全,常用仪器设备,化学试剂,计量单位,标准方法,标准物质;②化学分析:样品采集、制备与保存,物质分离、纯化与富集,样品预处理与常用常数测定方法、定性分析定量分析和滴定分析;③仪器分析:流动注射法;紫外可见吸收光谱与分子;荧光;红外;拉曼光谱;色层与电泳;气相与液相;离子与超临界流体色谱等;④分析化学文献与科技文件写作技术等。 | |
| 606 | 0 | @a化验员@x手册 |
| 690 | @aTQ016-62@v4 | |
| 701 | 0 | @a夏玉宇@Axia yu yu@4主编 |
| 801 | 0 | @aCN@bQSSK@c20050925 |
| 905 | @a10447@dTQ016-62@eX230 | |
| 化验员实用手册/夏玉宇主编.-第2版.-北京:化学工业出版社,2005.03 |
| 39, 1341页:图;27cm |
| ISBN 7-5025-6340-7(精装):CNY168.00 |
| 本书内容包括:①化学实验基础:基本常数与重要化合物的物理化学常数,化学实验室建设、管理与安全,常用仪器设备,化学试剂,计量单位,标准方法,标准物质;②化学分析:样品采集、制备与保存,物质分离、纯化与富集,样品预处理与常用常数测定方法、定性分析定量分析和滴定分析;③仪器分析:流动注射法;紫外可见吸收光谱与分子;荧光;红外;拉曼光谱;色层与电泳;气相与液相;离子与超临界流体色谱等;④分析化学文献与科技文件写作技术等。 |
| ● |
| 相关链接 |
|
|
|
正题名:化验员实用手册
索取号:TQ016-62/X230
 
预约/预借
| 序号 | 登录号 | 条形码 | 馆藏地/架位号 | 状态 | 备注 |
| 1 | 571157 | 205711577 | 自科库501/501自科库 137排3列4层/ [索取号:TQ016-62/X230] | 在馆 |